| 000 | 00546nam a2200181 i 4500 | ||
|---|---|---|---|
| 001 | 51924 | ||
| 003 | ES-MaACL | ||
| 005 | 20230906162455.0 | ||
| 007 | t| | ||
| 008 | 030821s1978 sp ||||1| spa d | ||
| 100 | 1 |
_aDasté, Catherine. _942784 |
|
| 245 | 1 | 3 |
_aEl niño, el teatro y la escuela / _cC. Dasté, Y. Jenger, J. Voluzan ; [traducción, Carmen Hierro]. |
| 260 |
_a[Madrid] : _bVillalar, _c[1978] |
||
| 300 |
_a164 p. ; _c19 cm. |
||
| 700 | 1 |
_aJenger, Y. _966290 |
|
| 700 | 1 |
_aVoluzan, J. _9115728 |
|
| 852 |
_aES-MaACL _jA-8725 _bR.97615 |
||
| 999 |
_c51924 _d51924 |
||